New venture creation : (Record no. 5152)

MARC details
000 -LEADER
fixed length control field 01849nam a2200205 4500
020 ## - INTERNATIONAL STANDARD BOOK NUMBER
ISBN 9780071276320
020 ## - INTERNATIONAL STANDARD BOOK NUMBER
ISBN 0071276327
050 ## - CALL NUMBER
Classification number HD62.5
Item number .T48
100 ## - AUTHOR
Personal name Timmons, Jeffry A.
245 ## - TITLE
Title New venture creation :
Remainder of title entrepreneurship for the 21st century /
Statement of responsibility, etc Jeffry A. Timmons and Stephen Spinelli, Jr.
250 ## - EDITION
Edition statement 8th edition
260 ## - PUBLICATION INFORMATION
Place of publication Boston :
Name of publisher McGraw-Hill/Irwin,
Year of publication 2009.
300 ## - DESCRIPTION
Number of Pages xxxi, 666 p. :
Other physical details ill. ;
Dimensions 28 cm.
500 ## - NOTES
General note Includes bibliographical references and index
505 ## - FORMATTED CONTENTS NOTE
Table of Content Part 1. The Entrepreneurial Mind for an Entrepreneurial world<br/>Chapter 1. The Global Entrepreneurial Revolution for a Flatter World<br/>Chapter 2. The Entrepreneurial Mind: Crafting a Personal Entrepreneurial Strategy<br/><br/>Part II The Opportunity<br/>Chapter 3. The Entrepreneurial Process<br/>Chapter 4. Clean Commerce: Seeing Opportunity throu a Sustainability Lens<br/>Chapter 5. The Opportunity : Creating Shaping, Recognizing, Seizing<br/>Chapter 6. Screening Venture Opportunities<br/>Chapter 7. Opportunities for Social Entrepreneurship<br/>Chapter 8. The Business Plan<br/><br/>Part III The FOunder and Team<br/>Chapter 9. The Entrepreneurial Leader and the Team<br/>Chapter 10. Ethical Decisions Making and the Entrepreneur<br/><br/>Part IV Financing Entrepreneurial Ventures<br/>Chapter 11 Resource Requiremnets<br/>Chapter 12. Franchising<br/>Chapter 13. Entrepreneurial Finance<br/>Chapter 14. Obtaining Venture and Growth Capital <br/>Chapter 15. The Deal : Valuation, Structure and Negotiation <br/>Chapter 16. Obtaining Debt Capital <br/><br/>Part V Startup and Beyond<br/>Chapter 17. Leading Rapid Growth, Crises and Recovery<br/>Chapter 18. The Family as Entrepreneur<br/>Chapter 19. The Harvest and Beyond<br/>Index<br/>
650 ## - SUBJECTS
Topical Term New business enterprises -- Handbooks, manuals
650 ## - SUBJECTS
Topical Term Entrepreneurship -- Handbooks, manuals, etc.
700 ## - OTHER AUTHORS
Personal name Spinelli, Stephen, Jr.
942 ## - ADDED ENTRY ELEMENTS (KOHA)
Koha item type Books
Holdings
Withdrawn status Lost status Collection code Home library Current library Shelving location Date acquired Full call number Accession Number Koha item type
    Reference Methodist University Library Main Methodist University Library Main General Stacks 10/10/2013 HD62.5 .T48 38848 Books
    Non-fiction Methodist University Library Main Methodist University Library Main General Stacks 10/10/2013 HD62.5 .T48 38855 Books
    Reference Methodist University Library Main Methodist University Library Main General Stacks 10/10/2013 HD62.5 .T48 38849 Books
    Non-fiction Methodist University Library Main Methodist University Library Main General Stacks 10/10/2013 HD62.5 .T48 38856 Books
    Non-fiction Methodist University Library Main Methodist University Library Main General Stacks 10/10/2013 HD62.5 .T48 38854 Books
Copyright © 2026  MUG Library